Sistemas de proceso penal en Europa

Detalles Bibliográficos
Otros Autores: Maci ̀Gm̤ez, Ramon (Director)
Formato: Desconocido
Lenguaje:español
Publicado: Barcelona : Cedecs, 1998
Materias:
Acceso en línea:Acceso restringido

MARC

LEADER 00000ny a22000003n 4500
005 20110615145013.0
008 A10218s1998 sp || 000|0 spa d
020 |a 9788495027573 
035 |a 3244 
040 |a BUS  |d vLex 
080 |a 343.13/.15 4 
090 |c 731  |d 731 
245 0 0 |a Sistemas de proceso penal en Europa  |h [Recurso electrn̤ico]  |c director, Ramn̤ Maci ̀Gm̤ez 
256 |a Servicio en ln̕ea 
260 |a Barcelona :  |b Cedecs,  |c 1998 
300 |a 383 p. ; 23 cm 
506 1 |a Contenido solo disponible en los productos indicados  |d vLex Global  |d vLex Global (Academic Edition, excluding Law Schools)  |d vLex Global (U.S. Academic Edition, Law Schools)  |d vLex Global (U.S. Academic Edition, excluding Law Schools)  |d vLex Global (Academic Edition, Law Schools) 
650 0 4 |a Procedimiento penal  |z Europa 
700 1 |a Maci ̀Gm̤ez, Ramon  |e director 
740 0 |a vLex Libros (Servicios en ln̕ea) 
856 4 0 |u http://vlex.com/source/3244  |z Acceso restringido 
942 |c BOOK 
999 0 |a Criminal Law   |b Europa